National League, North and South 25/26 - Statistics

General Stats
  • This quiz has been taken 32 times
    31 since last reset
  • The average score is 29 of 72
Answer Stats
Club % Correct
Southend United
78%
Forest Green Rovers
74%
Yeovil Town
74%
Rochdale
70%
York City
70%
Boreham Wood
65%
Carlisle United
65%
Sutton United
65%
Aldershot Town
61%
Hartlepool
61%
Torquay United
61%
Truro City
61%
Altrincham
57%
Eastleigh
57%
Gateshead
57%
Morecambe
57%
Woking
57%
Darlington
52%
Wealdstone
52%
Worthing
52%
Braintree Town
48%
Dorking Wanderers
48%
Scunthorpe United
48%
Solihull Moors
48%
Brackley Town
43%
Macclesfield
43%
Maidstone United
43%
Salisbury
43%
Tamworth
43%
Weston-super-Mare
43%
Bath City
39%
Boston United
39%
Dover Athletic
39%
Ebbsfleet United
39%
Hemel Hempstead Town
39%
Hornchurch
39%
Maidenhead United
39%
Oxford City
39%
Peterborough United
39%
South Shields
39%
AFC Totton
35%
Buxton
35%
Chelmsford City
35%
FC Halifax Town
35%
Hereford
35%
Merthyr Town
35%
Slough Town
35%
Farnborough
30%
Worksop Town
30%
Alfreton Town
26%
Chester FC
26%
Eastbourne Borough
26%
Enfield
26%
Kidderminster Harriers FC
26%
Leamington
26%
Marine
26%
Spennymoor
26%
AFC Flyde
22%
Chippenham
22%
Hampton and Richmond Borough
22%
Horsham
22%
King's Lynn Town
22%
Radcliffe
22%
Scarborough
22%
Chesham United
17%
Chorley
17%
Curzon Ashton
17%
Dag and Red
17%
Tonbridge
17%
AFC Telford United
13%
Southport FC
13%
Bedford United
9%
No matching quizzes found
Score Distribution
Percent of People with Each Score
Percentile by Number Answered
Your Score History
You have not taken this quiz since the last reset